Синтетические полиамидные волокна: технология и химия; пер. с нем.

التفاصيل البيبلوغرافية
المؤلف الرئيسي: Кларе Г. Герман
مؤلفون آخرون: Фрицше Э. Эрхард, Грёбе Ф. Фолькер
اللغة:الروسية
منشور في: Москва, Мир, 1966
الموضوعات:
التنسيق: كتاب
KOHA link:https://koha.lib.tpu.ru/cgi-bin/koha/opac-detail.pl?biblionumber=97410

MARC

LEADER 00000nam0a2200000 4500
001 97410
005 20231031110925.0
035 |a (RuTPU)RU\TPU\book\104424 
090 |a 97410 
100 |a 20060529d1966 k y0rusy50 ca 
101 1 |a rus  |c ger 
102 |a RU 
105 |a a z 001zy 
200 1 |a Синтетические полиамидные волокна  |e технология и химия  |e пер. с нем.  |f Г. Кларе, Э. Фрицше, Ф. Грёбе 
210 |a Москва  |c Мир  |d 1966 
215 |a 684 с.  |c ил. 
320 |a Библиогр. в конце ст. 
610 1 |a полиамидные волокна 
610 1 |a синтетические волокна 
610 1 |a технология 
610 1 |a химия 
675 |a 677.46  |v 3 
700 1 |a Кларе  |b Г.  |g Герман 
701 1 |a Фрицше  |b Э.  |g Эрхард 
701 1 |a Грёбе  |b Ф.  |g Фолькер 
801 1 |a RU  |b 63413507  |c 20060529  |g PSBO 
801 2 |a RU  |b 63413507  |c 20160614  |g PSBO 
942 |c BK